Akademiskt Ledarskap(Academical Leadership)/ (Record no. 114897)
[ view plain ]
| 000 -LEADER | |
|---|---|
| fixed length control field | 00517cas a2200157 4500 |
| 008 - FIXED-LENGTH DATA ELEMENTS--GENERAL INFORMATION | |
| fixed length control field | 101018n eng u |
| 035 ## - SYSTEM CONTROL NUMBER | |
| System control number | (Sirsi) a171694 |
| 099 ## - LOCAL FREE-TEXT CALL NUMBER (OCLC) | |
| Classification number | THESIS PH.D: |
| -- | ERI 1997 |
| 100 1# - MAIN ENTRY--PERSONAL NAME | |
| Personal name | Erikson, B. Carin |
| 245 ## - TITLE STATEMENT | |
| Title | Akademiskt Ledarskap(Academical Leadership)/ |
| Statement of responsibility, etc. | Carin B. Eriksson |
| 260 ## - PUBLICATION, DISTRIBUTION, ETC. | |
| Place of publication, distribution, etc. | Uppsala: |
| Name of publisher, distributor, etc. | Uppsala University, |
| Date of publication, distribution, etc. | 1997 |
| 300 ## - PHYSICAL DESCRIPTION | |
| Extent | 83p.: |
| Other physical details | ill. |
| 502 ## - DISSERTATION NOTE | |
| Dissertation note | Thesis(PHD)-Uppsala University,1997 |
| 504 ## - BIBLIOGRAPHY, ETC. NOTE | |
| Bibliography, etc. note | Includes Bibliographical References |
| 650 ## - SUBJECT ADDED ENTRY--TOPICAL TERM | |
| Topical term or geographic name entry element | Academic---Leadership |
No items available.